Statystyki dla Odgadnij Samochody Po Zdjęciach

Kliknij tutaj aby rozwiązać quiz!

Ogólne statystyki

  • Ten quiz został rozwiązany 457 razy
  • Średni wynik to 9 z 16

Statystyki odpowiedzi

Odpowiedź% Poprawnych
Fiat 126p
88%
Bmw X5
85%
Audi A5
84%
Opel Astra
82%
Dacia Duster
80%
Volkswagen Golf
78%
Polonez
76%
Ford Mustang
75%
Citroen C5
70%
Ford Mondeo
68%
Ferrari F50
27%
Mercedes-Benz G
26%
Volvo S80
26%
Chrysler Crossfire
12%
Łada 2107
11%
Bmw 850Csi
3%

Rozkład punktacji

Percentyl według liczby udzielonych odpowiedzi

Procent ludzi z każdym wynikiem

Twoja historia wyników

Nie rozwiązałeś tego quizu